000 00391nam a22001697a 4500
005 20160627150543.0
008 160627b xxu||||| |||| 00| 0 eng d
020 _a0-415-18530-0
041 _aeng
082 _b10649
100 _aYoung, Matt
_92615
245 _aThe techinal writers handbook
260 _bViva Books
_c2004
300 _a230
650 _aManagement
_9241
942 _cBK
999 _c4277
_d4276